<?xml version="1.0" encoding="UTF-8"?>
<record
    xmlns:xsi="http://www.w3.org/2001/XMLSchema-instance"
    xsi:schemaLocation="http://www.loc.gov/MARC21/slim http://www.loc.gov/standards/marcxml/schema/MARC21slim.xsd"
    xmlns="http://www.loc.gov/MARC21/slim">

  <leader>01876    a2200229   4500</leader>
  <controlfield tag="001">47736</controlfield>
  <controlfield tag="005">20260407155743.0</controlfield>
  <controlfield tag="008">260407a2011    arg                 spa d</controlfield>
  <controlfield tag="003">AR-UNSa-BCEJYS</controlfield>
  <datafield tag="040" ind1=" " ind2=" ">
    <subfield code="a">AR-UNSa-BCEJYS</subfield>
    <subfield code="b">spa</subfield>
    <subfield code="c">AR-UNSa-BCEJYS</subfield>
  </datafield>
  <datafield tag="080" ind1=" " ind2=" ">
    <subfield code="a">510</subfield>
    <subfield code="x">Consideraciones fundamentales y generales de las matem&#xE1;ticas
</subfield>
  </datafield>
  <datafield tag="245" ind1="1" ind2="0">
    <subfield code="a">50 cosas que hay que saber sobre matem&#xE1;ticas</subfield>
  </datafield>
  <datafield tag="020" ind1=" " ind2=" ">
    <subfield code="a">978-987-1496-09-9</subfield>
  </datafield>
  <datafield tag="264" ind1=" " ind2="1">
    <subfield code="a">Barcelona :</subfield>
    <subfield code="b">Ediciones Ariel</subfield>
    <subfield code="c">2011</subfield>
  </datafield>
  <datafield tag="300" ind1=" " ind2=" ">
    <subfield code="a">218 p.</subfield>
    <subfield code="c">23 cm.</subfield>
  </datafield>
  <datafield tag="505" ind1=" " ind2=" ">
    <subfield code="a">1. El cero - 2. Sistemas num&#xE9;ricos - 3. Fracciones - 4. Cuadrados y ra&#xED;ces cuadradas - 5. &#x3C0; - 6. e - 7. El infinito - 8. N&#xFA;meros imaginarios - 9. Primos - 10. N&#xFA;meros perfectos - 11. N&#xFA;meros de Fibonacci - 12. Rect&#xE1;ngulos &#xE1;ureos - 13. El tri&#xE1;ngulo de Pascal 14. El &#xE1;lgebra - 15. El algoritmo de Euclides - 16. La l&#xF3;gica - 17. La demostraci&#xF3;n - 18. Conjuntos - 19. El c&#xE1;lculo infinitesimal - 20. Construcciones - 21. Tri&#xE1;ngulos - 22. Curvas - 23. La topolog&#xED;a - 24. La dimensi&#xF3;n - 25.Fractales - 26. El caos - 27. El postulado de las paralelas - 28. La geometr&#xED;a discreta - 29. Gr&#xE1;ficas - 30. El problema de los cuatro colores - 31. La probabilidad - 32. La teor&#xED;a de Bayes - 33. El problema del cumplea&#xF1;os - 34. Distribuciones - 35. La curva normal - 36. Conexi&#xF3;n de datos - 37. Gen&#xE9;tica - 38. Grupos - 39. Matrices - 40. C&#xF3;digos - 41. Conteo avanzado - 42. Cuadrados m&#xE1;gicos - 43. Cuadrados latinos - 44. Matem&#xE1;ticas econ&#xF3;micas - 45. El problema de la dieta - 46. El viajante - 47. Teor&#xED;a de juegos - 48. La relatividad - 49. El &#xFA;ltimo teorema de Fermat - 50. La hip&#xF3;tesis de Riemann - </subfield>
  </datafield>
  <datafield tag="942" ind1=" " ind2=" ">
    <subfield code="c">BK</subfield>
  </datafield>
  <datafield tag="590" ind1=" " ind2=" ">
    <subfield code="a">niveau_biblio:m niveau_hierar:0</subfield>
  </datafield>
  <datafield tag="100" ind1="1" ind2=" ">
    <subfield code="a">Crilly, Tony</subfield>
  </datafield>
  <datafield tag="700" ind1="1" ind2=" ">
    <subfield code="a">Herrando P&#xE9;rez, Enrique</subfield>
  </datafield>
  <datafield tag="856" ind1="4" ind2="1">
    <subfield code="u">https://www.biblioeco.unsa.edu.ar/pmb/images/libros/L127653.jpg</subfield>
    <subfield code="y">Imagen de portada</subfield>
    <subfield code="q">image/jpeg</subfield>
  </datafield>
  <datafield tag="999" ind1=" " ind2=" ">
    <subfield code="c">4449</subfield>
    <subfield code="d">4449</subfield>
  </datafield>
  <datafield tag="952" ind1=" " ind2=" ">
    <subfield code="0">0</subfield>
    <subfield code="1">0</subfield>
    <subfield code="4">0</subfield>
    <subfield code="7">0</subfield>
    <subfield code="a">BCEJYS</subfield>
    <subfield code="b">BCEJYS</subfield>
    <subfield code="c">16</subfield>
    <subfield code="d">2026-04-07</subfield>
    <subfield code="l">0</subfield>
    <subfield code="o">510 C929</subfield>
    <subfield code="p">L127653</subfield>
    <subfield code="r">2026-04-07 15:57:43</subfield>
    <subfield code="w">2026-04-07</subfield>
    <subfield code="y">L</subfield>
  </datafield>
</record>
